[Event "ARG-ch"]
[Site "Buenos Aires"]
[Date "1998.04.22"]
[Round "7"]
[White "Malbran, Guillermo"]
[Black "Ricardi, Pablo"]
[Result "1-0"]
[WhiteElo "2355"]
[BlackElo "2555"]
[Annotator "Har Zvi,R"]
[PlyCount "85"]
[EventDate "1998.04.15"]
[EventType "tourn"]
[EventRounds "15"]
[EventCountry "ARG"]
[EventCategory "9"]
[SourceTitle "CBM 065"]
[Source "ChessBase"]
[SourceDate "1998.08.06"]
[SourceVersion "1"]
[SourceVersionDate "1998.08.06"]
[SourceQuality "1"]

1. e4 c5 2. Nf3 d6 3. Bb5+ Bd7 4. Bxd7+ Nxd7 5. O-O Ngf6 6. Qe2 e6 7. c3 Be7 8.
d4 cxd4 9. cxd4 d5 10. e5 Ne4 11. Ne1 Qb6 12. Be3 f5 (12... f6 13. f3 Ng5 14.
Nd3 (14. Qd2 fxe5 $1 15. Bxg5 $2 (15. dxe5 Bc5 $15) 15... Bxg5 16. Qxg5 Qxb2
$17 {Etmans-Van der Wiel/Amsterdam/1996}) 14... O-O (14... Nf7 15. Nc3 O-O 16.
Rfe1 (16. f4 $5) (16. a4 $5) 16... fxe5 (16... Rac8) 17. dxe5 Qa6 18. Nf4 Qxe2
19. Rxe2 Nd8 20. Nb5 $14 {/+/- Chekhov,V-Ftacnik,L/Deutschland 1992 56/205 
[Chekhov,V]}) 15. Nc3 (15. Nd2 Rac8 16. Nb3 Nf7 17. Rfe1 Qa6 18. exf6 Bxf6 19.
Nbc5 Nxc5 20. Nxc5 Qxe2 21. Rxe2 Nd8 22. Bf2 Kf7 23. Rae1 Re8 24. Rd1 Re7 25.
Kf1 Nc6 $11 {1/2-1/2 Milov,L-Alterman,B/UKR-ch sf 1986/EXT 86ch (43)}) 15...
Rac8 (15... Qa6 16. Rae1 Rae8 $13 {0-1 Shaked,T-De Firmian,N/Mermaid Beach
Club 1997/CBM 58/[Har Zvi] (39)}) 16. Bf2 Qa6 17. Rfe1 fxe5 18. Nxe5 Nxe5 19.
Qxe5 Rxf3 20. Nxd5 Bf6 21. Nxf6+ gxf6 22. Qe2 Qxe2 23. Rxe2 Rf4 {the fight on
the e4 square the fight on the e4 square} 24. Rae1 Rg4 $1 (24... f5 25. Be3)
25. Kf1 f5 $13 {/+/= Lechtynsky,J-Doncev,D Bratislava 1983}) 13. f3 (13. exf6
Bxf6 14. Nf3 O-O 15. a4 Rac8 16. Na3 Be7 17. Nb5 a6 18. Nc3 Nxc3 19. bxc3 Rxc3
20. Rab1 Qc6 21. Rfc1 Rxc1+ 22. Rxc1 Qd6 23. g3 e5 24. dxe5 Nxe5 25. Bf4 Nxf3+
26. Qxf3 Qe6 27. Qb3 b6 28. Qe3 Qxe3 29. Bxe3 b5 30. axb5 axb5 31. Rc7 {
1/2-1/2 Dehmelt,K-Fedorowicz,J/New York op 1985/MCL 02}) 13... Ng5 14. Nd3 (14.
Nc3 O-O 15. Nd3 Nf7 16. Kh1 Rac8 17. Rg1 g5 18. g3 a6 19. h4 h6 20. Rg2 Kg7 21.
g4 f4 22. Bxf4 gxf4 23. Nxf4 $40 {/+/-} Nh8 24. Nh5+ Kg8 25. Qe3 Rf7 26. Nxd5
exd5 27. e6 Nf8 28. exf7+ Kxf7 29. Qe5 Ne6 30. Qf5+ Kg8 31. Re1 Rc6 32. Rge2 {
1-0 Ricardi,P-Hoffman,A/Buenos Aires Najdorf 1995/CBM 49}) 14... O-O 15. Nd2
Rfc8 16. Rfc1 Nf7 $11 {/+/=} 17. g4 $5 {This is a critical moment in the game,
white has a space advantage,and it's quite clear, that he will have to use it,
if he wants to make something out of it on the king's side. It means one day
he will to push the pawns over there. On the other hand it's not easy to do
something there, since black has no weaknesses at all and has a very solid
position, all he has to do is just to exchange the rooks along the "c" file
and to agree a draw.} (17. f4 $5) 17... fxg4 18. fxg4 Nh8 $1 {not allowing
white to play h4-h5 which would give him big space advantage on the king's side
} 19. Nf3 Ng6 20. Kg2 Qa6 21. Rxc8+ Rxc8 22. Rc1 Rf8 {as I understand thing's
by playing this move,black is saying "I want to play here no draw!" since
after Rxc1 the endgame there is a draw} (22... Rxc1 23. Nxc1 (23. Bxc1 Qxa2 $17
) 23... Qxe2+ 24. Nxe2 Nh4+ 25. Nxh4 Bxh4 $11) 23. b3 Nb8 (23... Qb6 $5) 24.
Kg3 {white wants and he is right to change queens that's why he playes now Kf4
to be able to play Nf4 on his next move} h6 {and again black does not want to
simplify the position as after 24...Nc6 25.Nf4} (24... Nc6 25. Nf4 (25. h4 $2
Nb4 $17) 25... Qxe2 26. Nxe2 $11) 25. h4 (25. Nf4 $6 Rxf4 26. Qxa6 Rxf3+ 27.
Kxf3 Nxa6 28. Rc8+ Kf7 29. Ra8 {when even here white seems OK}) 25... Nc6 26.
Nf4 Qxe2 (26... Nxd4 27. Qxa6 bxa6 28. Nxd4 Bxh4+ 29. Kh3 Nxf4+ 30. Bxf4 Rxf4
31. Nxe6 $18) 27. Nxe2 Ba3 (27... Rc8 $5) 28. Rc3 Bb4 29. Rc2 Rc8 30. h5 Nf8
31. g5 hxg5 32. Nxg5 Be1+ $2 {a very bad check,black has some problems with
both his pawns on the King's side [e6-g7] and his king which may become weak
in certain positions,it was necessary to think of defence right a way and not
wasting time.in my opinion both players were in time trouble at this stage
since they both made some silly mistakes in the next few moves} (32... Be7) 33.
Kh3 Re8 34. Nf4 Ba5 $2 (34... Bb4 35. Rg2 $36) 35. Rg2 Bb6 (35... Ne7 $2 36.
Ngxe6 Nxe6 37. Nxe6 Nf5 38. Nxg7 Nxg7 (38... Nxe3 39. Nxe8+ Nxg2 40. Kxg2 $18)
39. h6 Re7 40. Bg5 $1 $18) (35... Re7 36. h6 $1 $16) 36. Nf3 $2 {it seems that
after 36.h6 white is winning, but after his move in the game black had a
chance to defend but did not take that chance and lost quickly} (36. h6 $1 Bxd4
(36... Nxd4 37. Bxd4 $1 Bxd4 38. Nf3 $18 Be3 39. Rxg7+ Kh8 40. Ng5) (36... Nxe5
37. hxg7 Kxg7 (37... Nfd7 38. Rg3 Nc6 39. Ngxe6 $18) (37... Nfg6 38. dxe5 Bxe3
39. Nxg6 $18) (37... Nh7 38. Nxh7 Kxh7 39. dxe5 Bxe3 40. Nh5 $18) 38. Nh5+ Kh8
(38... Kg6 39. Nf7+ $3 {and mate in 2 moves!!!}) 39. Nf6 $18) (36... Re7 37.
Bc1 $1 Kh8 (37... Bxd4 38. Ba3 Bxe5 39. Bxe7 Nxe7 40. hxg7 $18) (37... Ba5 38.
Ba3 Bb4 (38... Nb4 39. Nh5 $18) 39. Bxb4 Nxb4 40. Nh5 $18) 38. Ba3 gxh6 39.
Bxe7 hxg5 40. Bf6+ Kh7 41. Rxg5 $18) 37. Bxd4 Nxd4 38. hxg7 Nd7 (38... Nh7 39.
Nxh7 Kxh7 40. Nh5 $18) 39. Nh5 Rc8 40. Nf6+ Nxf6 41. exf6 Nf5 (41... e5 42. Kg4
{[%cal Gg2h2]}) 42. Rf2 $18) 36... Ne7 $2 (36... Kh8) (36... Kf7) 37. h6 $1 $18
Nf5 (37... g6 38. Nh5 Nh7 39. Nf6+ Nxf6 40. exf6 Nc6 (40... Nf5 41. Rxg6+ Kh7
42. f7 $18) 41. Nh4 $1 Kf7 (41... Kh7 42. Rxg6 $18) 42. Nxg6 {[%cal Gh6h7]})
38. Nh5 (38. Nh4 $1 $18) 38... Re7 (38... Kf7 39. Ng5+ Ke7 40. hxg7 Nd7 41. Bc1
Bxd4 42. Ba3+ Bc5 43. Bxc5+ Nxc5 44. Nh7 $18) 39. Bc1 $2 {giving black chances
to defend,39.hxg7 ends the game immediately} (39. hxg7 Nd7 (39... Nxg7 40. Bh6
$18) 40. Nf6+ Nxf6 41. exf6 Rf7 42. Rg6 $1 {[%cal Gf3g5,Gf3e5]} (42. Ne5 Rxf6
43. Bg5 Bd8) 42... Nxe3 43. Rh6 Rxf6 44. Rxf6 Kxg7 45. Rxe6 $18) 39... g6 $4 {
losing immediately yhe only chance to defend was after 39...Nh7 now the game
is over} (39... Rf7 40. hxg7 Nh7 $8 (40... Nxg7 $2 41. Nf6+ Kh8 42. Ng5 Rc7 43.
Ba3 Ng6 44. Nf7+ Rxf7 45. Rxg6 $18) (40... Nd7 41. Ng5 Re7 42. Nh7 $1 $18) 41.
Ng5 Nxg5+ 42. Bxg5 Rc7 43. Bd2 $1 $18 (43. Nf6+ $2 Kxg7 44. Ne8+ Kf7 45. Nxc7
Bxc7 {and white lost a lot form his advantage})) (39... Nh7 40. hxg7 Rc7 (40...
Nxg7 41. Bh6) 41. Nf6+ Nxf6 42. exf6 Bxd4 (42... Nxd4 43. Ne5 $18) 43. Nxd4
Nxd4 44. Bb2 Nf5) 40. Ba3 $18 Rf7 41. Nf6+ Kh8 42. Ng5 Rc7 43. Bxf8 1-0

[Event "Boavista Masters"]
[Site "Porto"]
[Date "1999.12.27"]
[Round "1"]
[White "Rocha, Sergio MC"]
[Black "Del Rey, Diego"]
[Result "1/2-1/2"]
[WhiteElo "2427"]
[BlackElo "2369"]
[Annotator "Hecht,H"]
[PlyCount "216"]
[EventDate "1999.12.27"]
[EventType "tourn"]
[EventRounds "9"]
[EventCountry "POR"]
[EventCategory "9"]
[SourceTitle "CBM 075"]
[Source "ChessBase"]
[SourceDate "2000.04.05"]
[SourceVersion "1"]
[SourceVersionDate "2000.04.05"]
[SourceQuality "1"]

1. e4 c5 2. Nf3 d6 3. Bb5+ Bd7 4. Bxd7+ Qxd7 5. O-O Nc6 6. c3 Nf6 7. Qe2 e6 8.
d4 cxd4 9. cxd4 d5 10. e5 Ne4 11. Nbd2 Nxd2 12. Bxd2 Be7 13. g3 O-O 14. Kg2
Rac8 15. a3 a6 16. h4 f6 17. Bf4 f5 18. Bg5 Rc7 19. Rac1 Rfc8 20. Bxe7 Nxe7 21.
Qd2 h6 22. Rfd1 Qa4 23. Rxc7 Rxc7 24. Rc1 Rxc1 25. Qxc1 Qc4 26. Qd2 Nc6 27. h5
a5 28. Qf4 Qc2 29. g4 Qe4 30. Kg3 Qxf4+ 31. Kxf4 fxg4 32. Kxg4 Kf7 33. Kf4 g6
34. hxg6+ Kxg6 35. Kg4 h5+ 36. Kf4 a4 37. Nh4+ Kh6 38. Nf3 Kg6 39. Nh4+ Kh6 40.
Nf3 Ne7 41. Nh4 Ng6+ 42. Kg3 Nxh4 43. Kxh4 {[#] Thema: Entfernter Freibauer}
Kg6 44. Kg3 Kg5 45. Kh3 h4 46. f4+ Kxf4 47. Kxh4 b5 48. Kh5 Ke4 49. Kg5 Kxd4
50. Kf6 Kc4 51. Kxe6 d4 52. Kf6 d3 53. e6 d2 54. e7 d1=Q 55. e8=Q Qf3+ $2 (
55... Qf1+ $1 {[%cal Gf1b5]} 56. Kg5 Kb3 57. Qe5 Ka2 $1 $19 {[%csl Ra3,Rb2]
[%cal Rf1g2,Rf1c1,Rf1c4,Rc4b3]}) 56. Kg7 Qg2+ 57. Kh6 Qxb2 58. Qc6+ Kd3 59.
Qg6+ Kd2 60. Qg2+ Kc1 61. Qf1+ Kc2 62. Qf5+ Kc3 63. Qe5+ Kc2 64. Qf5+ Kd2 65.
Qf2+ Kc3 66. Qc5+ Kd3 67. Qf5+ Kc4 68. Qe6+ Kc3 69. Qe5+ Kb3 70. Qxb5+ Kxa3 {
Remis laut Tablebase 1.0} 71. Qc5+ Ka2 72. Qc4+ Qb3 73. Qe2+ Kb1 74. Qf1+ Kb2
75. Qe2+ Qc2 76. Qe5+ Qc3 77. Qe2+ Kb3 78. Qe6+ Qc4 79. Qe3+ Kb4 80. Qb6+ Qb5
81. Qd4+ Ka5 82. Qc3+ Kb6 83. Qe3+ Qc5 84. Qd3 a3 85. Qd8+ Kb5 86. Qd3+ Ka5 87.
Qd2+ Qb4 88. Qd5+ Qb5 89. Qd2+ Ka6 90. Qc2 Kb6 91. Qd2 Kc6 92. Qc3+ Qc5 93.
Qf3+ Kc7 94. Qf7+ Kb6 95. Qb3+ Ka5 96. Qd3 Qf8+ 97. Kh7 Qf7+ 98. Kh6 a2 99.
Qa3+ Kb5 100. Qb2+ Kc6 101. Qc3+ Kd7 102. Qd4+ Kc8 103. Qg4+ Kc7 104. Qg3+ Kd7
105. Qd3+ Kc7 106. Qc3+ Kd8 107. Qa5+ Ke7 108. Qc7+ Ke6 1/2-1/2

[Event "Hastings 9596"]
[Site "Hastings"]
[Date "1996.??.??"]
[Round "3"]
[White "Conquest, Stuart"]
[Black "Yermolinsky, Alex"]
[Result "1/2-1/2"]
[WhiteElo "2455"]
[BlackElo "2560"]
[Annotator "Hecht,H"]
[PlyCount "118"]
[EventDate "1995.12.??"]
[EventType "tourn"]
[EventRounds "9"]
[EventCountry "ENG"]
[EventCategory "13"]
[SourceTitle "CBM 051"]
[Source "ChessBase"]
[SourceDate "1996.04.01"]
[SourceVersion "1"]
[SourceVersionDate "1996.04.01"]
[SourceQuality "1"]

1. e4 c5 2. Nf3 d6 3. Bb5+ Bd7 4. Bxd7+ Qxd7 5. c4 Nc6 6. Nc3 g6 7. d4 cxd4 8.
Nxd4 Bg7 9. Be3 Nf6 10. f3 O-O 11. O-O Rfc8 12. Nde2 Qd8 13. Qd2 a6 14. Rfd1
Rab8 15. Rac1 b5 16. cxb5 axb5 17. Bh6 Bxh6 18. Qxh6 b4 19. Nd5 Nxd5 20. exd5
Qb6+ 21. Kh1 Ne5 22. Ng3 Rxc1 23. Qxc1 Qa6 24. h3 Rc8 25. Qe3 Qa4 26. Re1 Qc2
27. f4 Nd3 28. Rf1 Rc7 29. f5 Ne5 30. f6 Qc4 31. Qg5 exf6 32. Qxf6 Rd7 33. Rf4
Qc1+ 34. Kh2 Qxb2 35. Ne4 Qxa2 36. Nxd6 Qxd5 37. Ne8 Kf8 38. Qh8+ Ke7 39. Nf6
Nf3+ 40. Rxf3 Qe5+ 41. Rg3 Rd8 42. Ng8+ Ke6 43. Qxe5+ Kxe5 {TS-T: 1B für die
Figur, eingekreister Springer} 44. Nh6 (44. Ne7 $2 Kd6 45. Re3 Rb8 $1 $19 (
45... Re8 $2 46. Nf5+ Kd7 47. Rxe8 Kxe8 48. Nd4 $16)) 44... Rd7 45. Rb3 (45.
Ng4+ Kd4 46. Rb3 Kc4 47. Rb1 Rb7 $44) 45... f5 $1 46. Rxb4 Kf6 47. Rb8 (47. g4
Kg5 48. Ng8 Rg7 49. h4+ Kxh4 50. gxf5+ (50. Nf6 Kg5 $10) 50... Kg5 $10) 47...
Kg7 48. Ng8 g5 49. h4 h6 50. h5 Ra7 51. Rd8 Rb7 52. g4 Rb2+ 53. Kg3 Rb3+ 54.
Kf2 Rb2+ 55. Ke3 fxg4 56. Ne7 Kf6 57. Ng8+ (57. Nd5+ Ke5 58. Nc3 g3 59. Rd5+
Ke6 60. Rd1 Rh2 $10) 57... Kg7 58. Ne7 Kf6 59. Ng8+ Kg7 1/2-1/2

[Event "EU-chT (Men) 14th"]
[Site "Plovdiv"]
[Date "2003.10.12"]
[Round "2.3"]
[White "Baklan, Vladimir"]
[Black "Vouldis, Angelos"]
[Result "1-0"]
[WhiteElo "2600"]
[BlackElo "2528"]
[Annotator "Hecht,H"]
[PlyCount "73"]
[EventDate "2003.10.10"]
[EventType "team-swiss"]
[EventRounds "9"]
[EventCountry "BUL"]
[SourceTitle "CBM 098"]
[Source "ChessBase"]
[SourceDate "2004.02.03"]
[SourceVersion "1"]
[SourceVersionDate "2004.02.03"]
[SourceQuality "1"]
[WhiteTeam "Ukraine"]
[BlackTeam "Greece"]
[WhiteTeamCountry "UKR"]
[BlackTeamCountry "GRE"]

1. e4 c5 2. Nf3 d6 3. Bb5+ Bd7 4. Bxd7+ Qxd7 5. O-O Nc6 6. c3 Nf6 7. d4 Nxe4 8.
d5 Ne5 9. Re1 Nxf3+ 10. Qxf3 Nf6 11. c4 e5 12. dxe6 fxe6 13. Nc3 Be7 14. Bg5
O-O 15. Qh3 h6 16. Qxe6+ Qxe6 17. Rxe6 Kf7 18. Rae1 Rfe8 19. Bh4 Bf8 20. Rxe8
Rxe8 21. Rxe8 Nxe8 22. f4 Be7 23. Bxe7 Kxe7 {[#] Der ideelle Mehrbauer.
Mehrstufenplan: a) Aktivieren des Königs b) Königsflügelmehrheit in Marsch
setzen c) Königs- und Springerpositionen verbessern d) Umgehung} 24. Kf2 h5
25. Kf3 Ke6 26. h3 g6 27. g4 hxg4+ 28. Kxg4 {Überraschend aber wohlbegründet,
weil Weiß den Bg6 angreifen und im Zweifelsfalle gegen den f-Bauern tauschen
kann. Dann bliebe ihm der in Springerendspielen starke Randfreibauer auf der
h-Linie.} a6 29. Kg5 Kf7 30. Ne4 $1 {Nagelt den Se8 fest.} b5 31. b3 bxc4 (
31... b4 32. Kh6 a5 33. h4 $18 {siehe Partie}) 32. bxc4 a5 33. a4 Kg7 34. h4
Kf7 (34... Kh7 35. Nf6+ Nxf6 36. Kxf6 Kh6 {und Weiß kann sich aussuchen, wie
er gewinnen will (f5 oder Ke6 oder Kf7)}) 35. Kh6 {Umgehung mit dem
unmittelbarem Zugzwangmotiv} Nf6 36. Nxd6+ Ke6 37. Kxg6 1-0

[Event "EU-chT (Men) 11th"]
[Site "Pula"]
[Date "1997.05.??"]
[Round "1.3"]
[White "Grosar, Aljosa"]
[Black "Danner, Georg"]
[Result "1-0"]
[WhiteElo "2495"]
[BlackElo "2430"]
[Annotator "Hecht,H"]
[PlyCount "117"]
[EventDate "1997.05.05"]
[EventType "team-swiss"]
[EventRounds "9"]
[EventCountry "CRO"]
[SourceTitle "CBM 057 Extra"]
[Source "ChessBase"]
[SourceDate "1997.05.01"]
[SourceVersion "1"]
[SourceVersionDate "1997.05.01"]
[SourceQuality "1"]
[WhiteTeam "Slovenia"]
[BlackTeam "Austria"]
[WhiteTeamCountry "SLO"]
[BlackTeamCountry "AUT"]

1. e4 c5 2. Nf3 d6 3. Bb5+ Bd7 4. Bxd7+ Nxd7 5. O-O e6 6. b3 Be7 7. Bb2 Bf6 8.
c3 Ne7 9. d4 O-O 10. Re1 Nc6 11. Na3 Qb8 12. Qe2 a6 13. Nc4 Rd8 14. Rad1 cxd4
15. cxd4 d5 16. exd5 exd5 17. Ne3 Nf8 18. g3 g6 19. Ne5 Qd6 20. Qf3 Bxe5 21.
dxe5 Nxe5 22. Qf4 Nc6 23. Qxd6 Rxd6 24. Nxd5 Rxd5 25. Rxd5 Nb4 26. Rd2 Nxa2 27.
Ba3 Nc3 28. Bxf8 Rxf8 {Kraft der Türme; der Springer ist bei leergefegtem
Zentrum ohne echten Stützpunkt. Der schwarze Mehrbauer geht schnell verloren.}
29. Re3 Nb5 30. Re7 b6 (30... Rb8 31. Rdd7 {[%csl Rb7,Rf7][%cal Gd7b7,Ge7h7]})
31. Rb7 Nc3 32. Rxb6 Ne4 33. Re2 f5 34. Rxa6 Rb8 35. f3 Ng5 36. Kg2 Rxb3 37.
Ra7 {die 7.Reihe absolut bedeutet Mattgefahr und Naterialverlust für Schwarz.}
Rb8 38. Ree7 Kf8 39. f4 Rb2+ 40. Kf1 Nf3 41. Rxh7 Nxh2+ 42. Ke1 Kg8 43. Rhg7+
Kh8 44. Rxg6 Nf3+ 45. Kd1 Rd2+ 46. Kc1 Rd8 47. Rga6 Nd4 48. Ra8 Ne2+ 49. Kc2
Rxa8 50. Rxa8+ Kh7 51. Ra3 Kg6 52. Kd2 Nd4 53. Rd3 Nb5 54. Rd5 Nc7 55. Rd6+ Kh5
56. Ke3 Ne8 57. Rc6 Ng7 58. Kd4 Ne8 59. Ke5 1-0

[Event "Tan Chin Nam Cup 5th"]
[Site "Shenyang"]
[Date "1999.07.15"]
[Round "7"]
[White "Zhang, Zhong"]
[Black "Sutovsky, Emil"]
[Result "1/2-1/2"]
[WhiteElo "2541"]
[BlackElo "2587"]
[Annotator "Hecht,H"]
[PlyCount "120"]
[EventDate "1999.07.08"]
[EventType "tourn"]
[EventRounds "9"]
[EventCountry "CHN"]
[EventCategory "13"]
[SourceTitle "CBM 073"]
[Source "ChessBase"]
[SourceDate "1999.12.01"]
[SourceVersion "1"]
[SourceVersionDate "1999.12.01"]
[SourceQuality "1"]

1. e4 c5 2. Nf3 d6 3. Bb5+ Bd7 4. Bxd7+ Qxd7 5. c4 Nc6 6. d4 cxd4 7. Nxd4 Nf6
8. Nc3 Qg4 9. Qxg4 Nxg4 10. Nxc6 bxc6 11. Bf4 Rb8 12. b3 g6 13. Rc1 Bg7 14. c5
Bd4 15. O-O e5 16. Bg3 Bxc5 17. h3 Nf6 18. Bh4 Nh5 19. Na4 Bd4 20. Rxc6 Kd7 21.
Rfc1 Rhc8 22. Rxc8 Rxc8 23. Rxc8 Kxc8 24. Kf1 Kd7 25. f3 f5 26. a3 fxe4 27.
fxe4 d5 28. exd5 Kd6 29. Be1 Kxd5 30. Nc3+ Bxc3 31. Bxc3 {[#] Normalerweise
ist bei offener Stellung und verteilten Bauernmehrheiten der Läufer die
bessere Leichtfigur. Hier aber besitzt Schwarz mit seiner starken
Königsposition sogar etwas mehr als Kompensation.} Ng3+ 32. Ke1 Ne4 33. Ba1 (
33. Bb4 Kd4 34. Ke2 Nc3+ 35. Ke1 e4 $15) 33... Nc5 34. b4 Nd3+ 35. Ke2 Nf4+ 36.
Kf3 g5 37. Bc3 e4+ 38. Kf2 Kc4 39. Bd2 Kd3 40. Be3 a6 41. h4 h6 42. hxg5 hxg5
43. a4 Nd5 44. Bxg5 Nxb4 45. g4 Nc2 46. Bh4 Nd4 {Schwarz kommt nicht weiter wie
} (46... e3+ 47. Kf3 e2 48. g5 Nd4+ 49. Kg4 Kd2 $11 {zeigt}) 47. Bg5 Nc2 48.
Bh4 Nd4 49. Bg5 Nf3 50. Bf4 Nh4 51. Be3 Ng6 52. Ba7 Nf4 53. Kg3 Ne6 54. Kf2 Ng5
55. Bb6 Nf3 56. Kg3 Nd4 57. Bxd4 Kxd4 58. Kf2 e3+ 59. Ke2 Ke4 60. g5 Kf5
1/2-1/2

[Event "RUS-ch 56th"]
[Site "Krasnoyarsk"]
[Date "2003.09.09"]
[Round "6"]
[White "Glek, Igor Vladimirovich"]
[Black "Shipov, Sergei"]
[Result "1/2-1/2"]
[WhiteElo "2566"]
[BlackElo "2589"]
[Annotator "Hecht,H"]
[PlyCount "116"]
[EventDate "2003.09.03"]
[EventType "swiss"]
[EventRounds "9"]
[EventCountry "RUS"]
[SourceTitle "CBM 098"]
[Source "ChessBase"]
[SourceDate "2004.02.03"]
[SourceVersion "1"]
[SourceVersionDate "2004.02.03"]
[SourceQuality "1"]

1. e4 c5 2. Nf3 d6 3. Bb5+ Bd7 4. Bxd7+ Qxd7 5. O-O Nf6 6. Re1 Nc6 7. c3 e6 8.
d3 Be7 9. Bg5 h6 10. Bh4 d5 11. Nbd2 O-O 12. e5 Nh7 13. Bxe7 Qxe7 14. h4 b5 15.
Qe2 c4 16. dxc4 bxc4 17. b3 cxb3 18. axb3 a5 19. Ra4 Qc5 20. c4 Rfe8 21. Qd1
Nf8 22. Qa1 Nd7 23. cxd5 Qxd5 24. Rg4 Nc5 25. Qc3 Rec8 26. Qe3 Kf8 27. Rc1 Ne7
28. Rgc4 Nd3 29. Rxc8+ Rxc8 30. Rxc8+ Nxc8 31. Qe4 Qxe4 32. Nxe4 Nb6 33. Ned2
Ke7 34. Kf1 Kd7 35. g3 Kc6 36. Ke2 Nc5 37. Ne1 Kd5 38. f4 Kd4 39. Nc2+ Kc3 40.
Na3 Nxb3 41. Nb5+ Kb4 42. Nd6 a4 43. Nb1 {[#] Der schwarze Randfreibauer wird
Weiß einen Springer kosten. Zuvor sollte Schwarz seine Bauern am anderen
Flügel sichern.} a3 $6 (43... f5 44. Ne8 g6 45. Nf6 Nc5 {und Schwarz gewinnt
leicht}) 44. Nxa3 Kxa3 45. Nxf7 {Jetzt bekommt Schwarz bei sich weiter
reduzierendem Bauernmaterial technische Probleme,} Kb4 (45... h5 $5) 46. Kf3
Nd5 47. g4 Kc4 48. f5 Kd3 (48... Nd4+ 49. Kg3 (49. Ke4 Nc3+ 50. Kf4 Kd3 {
drohend Sce2#} 51. Kg3 Nce2+ 52. Kf2 exf5 53. gxf5 Nxf5 $19) 49... exf5 50.
Nd6+ Kc5 51. gxf5 {[%cal Rg3g4,Rg4h5]} (51. Nxf5 Nxf5+ 52. gxf5 Kd4 53. f6 gxf6
54. exf6 Nxf6 55. Kf4 Ng8 $1 56. Kf5 (56. h5 Ne7 $19) 56... Ke3 57. Kg6 Kf4 58.
Kh5 Kg3 $19) 51... Ne7 52. f6 (52. Kf4 Kd5 $19) 52... gxf6 53. Ne4+ Kd5 54.
Nxf6+ Ke6 55. Ng4 Ndf5+ 56. Kf4 Nd5+ 57. Ke4 h5 {und Schwarz sollte gewinnen,
notfalls mit zwei Springern gegen Bauer.}) 49. f6 Nd4+ 50. Kg3 gxf6 51. exf6
Nxf6 52. g5 Ne2+ 53. Kf3 hxg5 54. hxg5 Nd5 55. Ne5+ Kd4 56. Nc6+ Kc5 57. Ne5
Nef4 58. Ke4 Ne7 $2 (58... Kd6 $17 {oder =, wenn Weiß nach g5-g6-g7 den
Springer gegen den letzten Bauern opfern kann.}) 1/2-1/2

[Event "Saintly Cup"]
[Site "Sydney"]
[Date "1999.01.23"]
[Round "2"]
[White "Solomon, Stephen J"]
[Black "Roeder, Mathias"]
[Result "0-1"]
[WhiteElo "2435"]
[BlackElo "2447"]
[Annotator "Hecht,H"]
[PlyCount "122"]
[EventDate "1999.01.22"]
[EventType "tourn"]
[EventRounds "9"]
[EventCountry "AUS"]
[EventCategory "10"]
[SourceTitle "CBM 070"]
[Source "ChessBase"]
[SourceDate "1999.06.08"]
[SourceVersion "1"]
[SourceVersionDate "1999.06.08"]
[SourceQuality "1"]

1. e4 c5 2. Nf3 d6 3. Bb5+ Bd7 4. Bxd7+ Qxd7 5. c4 Nf6 6. Nc3 Nc6 7. O-O Ne5 8.
d3 Nxf3+ 9. Qxf3 g6 10. h3 Bg7 11. Be3 Qc6 12. Rfd1 O-O 13. Rac1 Rfc8 14. b3 a6
15. d4 Nd7 16. Qe2 cxd4 17. Bxd4 Bxd4 18. Rxd4 Re8 19. Qd2 Kg7 20. Nd5 Rac8 21.
Kh2 Nc5 22. Re1 b5 23. cxb5 axb5 24. Nb4 Qb6 25. f4 Red8 26. Rd1 Qb7 27. Qb2
Kg8 28. Qe2 Ne6 29. Rd5 Nxf4 30. Qxb5 Qa8 31. R5d4 e5 32. Qf1 Qa3 33. Rc4 Rxc4
34. Qxc4 Rb8 35. Nd5 Qxa2 36. Nxf4 exf4 37. Rxd6 f3 38. Qf1 Rxb3 39. Rd1 Qxg2+
40. Qxg2 fxg2 41. Kxg2 {[#] 2-3 am Königsflügel bei zwei sehr schwachen weißen
Bauern und abgeschnittenem König.} Re3 42. Rd4 (42. Rd8+ Kg7 43. Re8 f5 44.
Re7+ Kh6 45. e5 g5 46. Re6+ Kh5 47. Re7 h6 48. Re6 (48. Re8 f4 49. e6 Rg3+ 50.
Kh2 Kh4 51. Rh8 Rxh3+ 52. Kg2 Re3 53. Rxh6+ Kg4 54. Kf2 (54. Rf6 Re2+ 55. Kf1
f3 $19) 54... Kf5 $19) 48... f4 49. Kh2 Re2+ 50. Kg1 Kh4 51. Rxh6+ Kg3 52. Kf1
Rxe5 53. Rh5 Ra5 $19) 42... Kg7 43. h4 Kf6 44. h5 g5 45. Rd6+ Ke7 46. Rd4 f6
47. Ra4 Ke6 48. Ra7 Rxe4 49. Rxh7 Kf5 50. Rh8 Kg4 51. h6 Re2+ 52. Kf1 Rh2 53.
Kg1 Rh5 54. Kg2 f5 55. h7 f4 56. Kf2 Rh6 57. Kg1 f3 58. Kf2 Rh2+ 59. Kg1 Kg3
60. Rf8 Rxh7 61. Rf5 g4 0-1